Chefs lieux sans Z - Statistiques

Statistiques générales
  • Ce quiz a été pris 4 fois
  • Le résultat moyen est 65 sur 97
Statistiques - réponses
Réponse % Correct
Agen
100%
Angoulême
100%
Auxerre
100%
Dijon
100%
Grenoble
100%
La Rochelle
100%
La Roche-sur-Yon
100%
Le Mans
100%
Lyon
100%
Nantes
100%
Nîmes
100%
Niort
100%
Orléans
100%
Paris
100%
Poitiers
100%
Quimper
100%
Rennes
100%
Saint-Étienne
100%
Strasbourg
100%
Toulon
100%
Toulouse
100%
Troyes
100%
Ajaccio
75%
Amiens
75%
Annecy
75%
Arras
75%
Aurillac
75%
Avignon
75%
Bastia
75%
Beauvais
75%
Belfort
75%
Besançon
75%
Bordeaux
75%
Bourg-en-Bresse
75%
Bourges
75%
Caen
75%
Chambéry
75%
Clermont-Ferrand
75%
Colmar
75%
Fort-de-France
75%
Guéret
75%
Lille
75%
Montpellier
75%
Nancy
75%
Nanterre
75%
Nevers
75%
Nice
75%
Pau
75%
Périgueux
75%
Saint-Denis
75%
Tours
75%
Vannes
75%
Albi
50%
Alençon
50%
Angers
50%
Auch
50%
Bar-le-Duc
50%
Basse-Terre
50%
Blois
50%
Bobigny
50%
Cahors
50%
Carcassonne
50%
Cayenne
50%
Châlons-en-Champagne
50%
Chartres
50%
Châteauroux
50%
Chaumont
50%
Créteil
50%
Digne-les-Bains
50%
Gap
50%
Laon
50%
Laval
50%
Le Puy-en-Velay
50%
Limoges
50%
Lons-le-Saunier
50%
Mâcon
50%
Marseille
50%
Mende
50%
Montauban
50%
Moulins
50%
Perpignan
50%
Privas
50%
Rouen
50%
Saint-Brieuc
50%
Saint-Lô
50%
Tarbes
50%
Tulle
50%
Valence
50%
Versailles
50%
Vesoul
50%
Épinal
25%
Évreux
25%
Évry-Courcouronnes
25%
Foix
25%
Melun
25%
Mont-de-Marsan
25%
Pontoise
0%
Aucun quiz correspondant
Distribution des résultats
% des personnes avec chaque résultat
Percentile par nombre de réponses
Votre historique - résultats
Vous n’avez pas pris ce quiz